Loading...
| Current Events | 1 | 20.00 | 100% | 100% | 0% |
| Fine Arts - Classical Music | 9 | 16.67 | 100% | 56% | 11% |
| Fine Arts - Other | 10 | 16.00 | 100% | 50% | 10% |
| Fine Arts - Painting and Sculpture | 5 | 20.00 | 100% | 80% | 20% |
| Geography | 2 | 20.00 | 100% | 100% | 0% |
| History - American | 8 | 27.50 | 100% | 100% | 75% |
| History - European | 9 | 16.67 | 100% | 67% | 0% |
| History - Other | 8 | 20.00 | 100% | 88% | 13% |
| History - World | 6 | 21.67 | 83% | 83% | 50% |
| Literature - American | 5 | 20.00 | 100% | 100% | 0% |
| Literature - British | 8 | 21.25 | 100% | 88% | 25% |
| Literature - European | 5 | 22.00 | 100% | 80% | 40% |
| Literature - World | 6 | 21.67 | 83% | 100% | 33% |
| Mythology | 5 | 18.00 | 80% | 80% | 20% |
| Other Academic | 3 | 20.00 | 100% | 67% | 33% |
| Philosophy | 7 | 15.71 | 100% | 43% | 14% |
| Popular Culture | 2 | 10.00 | 100% | 0% | 0% |
| Religion | 10 | 18.00 | 100% | 60% | 20% |
| Science - Biology | 6 | 13.33 | 100% | 33% | 0% |
| Science - Chemistry | 6 | 13.33 | 100% | 33% | 0% |
| Science - Other | 9 | 12.22 | 89% | 33% | 0% |
| Science - Physics | 8 | 12.50 | 88% | 25% | 13% |
| Social Science | 7 | 15.71 | 100% | 43% | 14% |